000
00189nam a2200085Ia 4500
100
_a
Wilcock/D.F & Booser/E.R
942
_c
BK
245
_a
Bearing Design & Application
260
_b
McGraw Hill
999
_c
26258
_d
26258